| 000 | 00434nam a2200181Ia 4500 | ||
|---|---|---|---|
| 008 | 170705s9999 xx 000 0 und d | ||
| 020 | _a9780439672405 | ||
| 245 | 4 | _aThe mystery of the spotted band / | |
| 245 | _cArthur Conan Doyle. | ||
| 260 | _aNew York : | ||
| 260 | _bScholastic, | ||
| 260 | _c2004 | ||
| 300 | _a16 pages : | ||
| 300 | _bcolor illustration ; | ||
| 300 | _c20cm. | ||
| 440 | _aRead 180. | ||
| 500 | _a230 | ||
| 999 |
_c335428 _d335428 |
||